Blockchain and the built environment (Record no. 121211)
[ view plain ]
| 000 -LEADER | |
|---|---|
| fixed length control field | 00784nam a22001457a 4500 |
| 001 - CONTROL NUMBER | |
| control field | K121211 |
| 008 - FIXED-LENGTH DATA ELEMENTS--GENERAL INFORMATION | |
| fixed length control field | 190716b2019 ||||| |||| 00| 0 eng d |
| 110 ## - MAIN ENTRY--CORPORATE NAME | |
| 9 (RLIN) | 4773 |
| Corporate author | Arup |
| 245 ## - TITLE STATEMENT | |
| Title | Blockchain and the built environment |
| 260 ## - PUBLICATION INFORMATION | |
| Date | 2019 |
| 520 ## - ABSTRACT | |
| Abstract | Examines applications of blockchain technology within five key markets of the built environment: cities, energy, property, transport and water. It provides a review of the opportunities, challenges and emerging case studies of blockchain technology, informed by conversations with experts across industry and academia. |
| 650 ## - KEYWORDS | |
| Keywords | BLOCKCHAIN |
| 690 ## - LOCAL SUBJECT ADDED ENTRY--TOPICAL TERM (OCLC, RLIN) | |
| 9 (RLIN) | 6274 |
| Topical term or geographic name as entry element | PropTech |
| 856 ## - ONLINE RESOURCE | |
| Uniform Resource Identifier | https://www.arup.com/perspectives/publications/research/section/blockchain-and-the-built-environment |
| Public note | Read the publication on the Arup website |
| Withdrawn status | Lost status | Source of classification or shelving scheme | Damaged status | Not for loan | Home library | Current library | Shelving location | Date acquired | Total Checkouts | Date last seen | Price effective from | Koha item type |
|---|---|---|---|---|---|---|---|---|---|---|---|---|
| Dewey Decimal Classification | Virtual | Virtual | Online | 21/02/2020 | 21/02/2020 | 21/02/2020 | News article |